| 000 | 00362nam a2200145Ia 4500 | ||
|---|---|---|---|
| 008 | 240624s9999 xx 000 0 und d | ||
| 041 | _aeng | ||
| 082 | _a330.015195 GRE | ||
| 100 | _aGREENE WILLIAM H | ||
| 245 | _aECONOMETRIC ANALYSIS | ||
| 250 | _a(4th ed.) | ||
| 260 |
_c2000 _aLondon _bPrentice-Hall |
||
| 300 | _axxv, : 1004 : p. : cm. ; 23 | ||
| 365 |
_c _b25 |
||
| 999 |
_c4372 _d4372 |
||